000 02097nmm a2200421 a 4500
003 BLK
005 20230725151102.0
008 200703b bu ||||| |||| 00| 0 bu d
037 _bBG-RusMitr
_a100000000208
040 _aBLK
041 _aBUL
_cBUL
080 _aПроповеди
_b27-475
_z27-475
100 _aГерасим, митрополит Струмишки
_9417470
_d1860-1918
_gВисш духовник. Един от основателите на революционния комитет на ВМОРО в Струмица, 1895.
139 _aГерасим, митрополит Струмишки
_bГ 38
245 _aШестнайсет кратки речи за разни случаи
_cМитрополит Герасим Струмишки
257 _aBGR
260 _aСофия
_c1915
_fСофия : Искра
300 _a47 с.
_c25 см
380 _a2
490 _9410374
_aПисмените съкровища на Долен Дунав
490 _9415800
_aБиблиотека при Русенска митрополия
500 _aКнигата е от библиотеката при Русенската митрополия по проект "Писмените съкровища на Долен Дунав"
501 _aКн. е подвързана към "Златоуст за апостол Павла "
650 7 _9176937
_aХристиянство - проповеди
653 7 _9195460
_aрелигия
653 7 _9194731
_aпроповеди
852 _c27-4/Г 38
856 _qpdf
_uhttp://87.120.137.51:18080/cgi-bin/koha/opac-retrieve-file.pl?id=99a2a41f85d9032c85f7b2afae7b91aa
_fШестнайсет кратки речи за разни случаи
_lreg users access
_xebook
_zШестнайсет кратки речи за разни случаи
942 _cEBKS
_n0
_s1
944 _aCR
_c2020-07-03
_k30556
_lТеодора Пейчева-Дянкова
999 _c373041
_d373041
999 _d373041
999 _d373041
999 _d373041
999 _d373041
999 _d373041
999 _d373041
999 _d373041